Countries with the Most Cities over 2 Million in Population - Statistics

General Stats
  • This quiz has been taken 56 times
  • The average score is 32 of 37
Answer Stats
Cities Country % Correct
3 Canada
100%
47 China
100%
23 India
100%
5 Mexico
100%
30 United States
100%
4 Australia
98%
13 Brazil
98%
2 Egypt
98%
7 Germany
98%
5 Indonesia
98%
2 Russia
98%
4 United Kingdom
98%
3 Iran
96%
3 Italy
96%
5 Nigeria
96%
3 South Africa
96%
2 Spain
96%
7 Japan
94%
4 Saudi Arabia
94%
3 South Korea
94%
4 Turkey
94%
4 Colombia
92%
2 Vietnam
92%
3 Democratic Republic of the Congo
90%
8 Pakistan
90%
2 Bangladesh
86%
2 Morocco
84%
2 Philippines
82%
2 Malaysia
80%
3 Venezuela
80%
2 Poland
78%
2 Netherlands
72%
3 Taiwan
72%
2 Ghana
62%
2 Ecuador
54%
2 Cameroon
50%
2 Bolivia
42%
No matching quizzes found
Score Distribution
Percent of People with Each Score
Percentile by Number Answered
Your Score History
You have not taken this quiz